25 największych miast Związku Radzieckiego - Statystyki

Ogólne statystyki
  • Ten quiz został rozwiązany 17 181 razy
  • Średni wynik to 10 z 25
Odpowiedzi na mapie
Odpowiedzi zakodowano w zielono-czerwonej skali na mapie do tego quizu, zgodnie z poniższymi procentami.
 
Statystyki odpowiedzi
Populacja Miasto % Poprawnych
8 967 332 Moskwa
100%
5 023 500 Leningrad (Sankt Petersburg)
91%
2 587 945 Kijów
88%
1 607 000 Mińsk
80%
915 106 Ryga
60%
1,593 970 Charków
56%
1 150 055 Baku
44%
1 109 100 Donieck
44%
1 115 371 Odessa
43%
1 022 578 Wołgograd
42%
1 094 378 Kazań
37%
1 259 692 Tbilisi
35%
1 100 372 Erywań
34%
1 019 305 Rostów nad Donem
28%
2 079 000 Taszkent
27%
1 178 000 Dniepropetrowsk (Dniepr)
23%
1 438 133 Gorki (Niżny Nowogród)
23%
1 436 516 Nowosybirsk
23%
1 148 418 Omsk
22%
1 364 621 Swierdłowsk (Jekaterynburg)
22%
1 071 900 Ałma-Ata (Ałmaty)
21%
1 082 052 Ufa
21%
1 254 460 Kujbyszew (Samara)
19%
1 090 944 Perm
18%
1 141 777 Czelabińsk
14%
Nie znaleziono quizów pasujących do podanych kryteriów
Rozkład punktacji
Procent ludzi z każdym wynikiem
Percentyl według liczby udzielonych odpowiedzi
Twoja historia wyników
Nie rozwiązałeś tego quizu